000
00313nam a22001457a 4500
020
_a
9780192758583
082
_a
823
_b
CRO/D
100
_a
CROSS, GILLIAN
245
_a
THE DEMON HEADMASTER
260
_b
OXFORD UNIVERSITY PRESS
300
_a
189
520
_a
SHORT STORY
650
_a
SHORT STORY
942
_c
BK
999
_c
5787
_d
5787